000 01224nam a2200337 a 4500
001 000111377
003 CHAP
005 20220329144208.0
008 150406s2015 mx a fsm |||||||spa d
010 _a107839
011 _a108811
040 _cCHAP
090 _aTesis
100 1 _aGonzaga Matias, Cecilio
_9129241
245 1 0 _aAspectos técnicos del proceso de producción lechero de ovejas, Rancho San José María, Querétaro.
_h[En línea]
_cpor Cecilio Gonzaga Matias.
260 _aChapingo, Méx. :
_bEl autor,
_c2015.
500 _aPara ver el contenido del material haga clic en la liga
502 _aTesis (Ing. Agr. Esp. en Zootecnia) -- UACH. Departamento de Zootecnia
590 _aE5995AHE
_b05
_c20150406
_lUCH01
_h0930
590 _aE5995AHE
_b05
_c20150406
_lUCH01
_h0930
590 _aE5995AHE
_b05
_c20150406
_lUCH01
_h0933
590 _aE5995AHE
_b05
_c20150414
_lUCH01
_h1306
650 1 4 _aGanado lanar
_xCría de.
_945167
650 1 4 _aGanado lanar
_xQueretaro.
_945216
650 1 4 _aGanado lechero
_xAlimentación.
_945238
650 1 4 _aQueso
_xProcesado.
_993233
856 _aFinding aid
_uhttp://10.13.5.2/tesis/sist111377.pdf
_zTeclea aquí
901 _aBK
942 _cTESIS
942 _n0
999 _c107839
_d107839